000 00628nam a22001817a 4500
005 20250808114908.0
010 _aENG-146389
020 _c300.00
_a9789361632174
035 _aEN-129921
037 _bDBAD
082 _a363.73874
_21
245 _aThe Influence of Behavioral Patterns of Achieving The Sustainable Development Goals (SDGs)/
_cEdited By B. Anirudhan...[et,al]
250 _a1
260 _aMadurai
_bShanlax Publications
_c2025
270 _a61, T.P.K., Main Road, Vasantha Nagar
_bMadurai
_e625003
_mshanlax_1990@yahoo.com
300 _a165p.
_c25cm(pb)
942 _2ddc
_cEN
_h363.73874
_mINF
999 _c212961
_d212961